000
00332nam a2200145Ia 4500
008
230718s9999 xx 000 0 und d
041
_a
Eng.
082
_a
340
_b
SAE-P
100
_a
Saeed, Malik. M (ed).
245
0
_a
PLD (1877)
260
_a
Pakistan
_b
All Parcistan legal
_c
1978
300
_a
763
650
_a
Law
999
_c
26979
_d
26979